[Event "Padova op 9th"]
[Site "Padova"]
[Date "2006.12.20"]
[Round "5"]
[White "Rossi, Giampiero"]
[Black "Ceccato, Alessandro"]
[Result "1-0"]
[WhiteElo "1976"]
[BlackElo "1700"]
[PlyCount "75"]
[EventDate "2006.12.16"]
[EventType "swiss"]
[EventRounds "9"]
[EventCountry "ITA"]
[SourceTitle "EXT 2011"]
[Source "ChessBase"]
[SourceDate "2010.11.26"]
[SourceVersion "1"]
[SourceVersionDate "2010.11.26"]
[SourceQuality "1"]

1. d4 Nf6 2. c4 g6 3. g3 Bg7 4. Bg2 0-0 5. Nc3 d6 6. Nf3 Na6 7. 0-0 c5 8. b3 Rb8 9. Bb2 Re8 10. Qd2 cxd4 11. Nxd4 Nc5 12. Rad1 a6 13. e4 e5 14. Nc2 Bf8 15. Rfe1 Bg4 16. f3 Be6 17. Ne3 Qb6 18. Kh1 Rbd8 19. Ncd5 Nxd5 20. Nxd5 Bxd5 21. cxd5 a5 22. Bc3 Ra8 23. Bf1 h5 24. Rb1 Qc7 25. Qb2 Rab8 26. Rec1 b6 27. a3 Qe7 28. Bb5 Red8 29. b4 axb4 30. axb4 Nd7 31. Bd2 Qf6 32. Kg2 g5 33. Rc7 Nc5 34. bxc5 bxc5 35. Qc2 Qg6 36. Bd3 Rxb1 37. Qxb1 Bh6 38. g4 1-0

[Event "Padova op 9th"]
[Site "Padova"]
[Date "2006.12.18"]
[Round "3"]
[White "Carini, Massimo"]
[Black "Ceccato, Alessandro"]
[Result "1-0"]
[WhiteElo "2176"]
[BlackElo "1700"]
[PlyCount "98"]
[EventDate "2006.12.16"]
[EventType "swiss"]
[EventRounds "9"]
[EventCountry "ITA"]
[SourceTitle "EXT 2011"]
[Source "ChessBase"]
[SourceDate "2010.11.26"]
[SourceVersion "1"]
[SourceVersionDate "2010.11.26"]
[SourceQuality "1"]

1. e4 c5 2. Nf3 e6 3. c3 Nc6 4. d4 cxd4 5. cxd4 Nf6 6. e5 Nd5 7. a3 a6 8. Nc3 Nxc3 9. bxc3 d6 10. Bd3 dxe5 11. Nxe5 Nxe5 12. dxe5 Qa5 13. 0-0 Qxe5 14. Re1 Qd6 15. Qf3 Be7 16. Bf4 Qc5 17. Re5 Qa7 18. Rh5 h6 19. Be5 Bd7 20. Be4 0-0-0 21. Rb1 b5 22. c4 f5 23. Bc6 Bf6 24. Bxd7+ Kxd7 25. Bxf6 gxf6 26. cxb5 axb5 27. Rxb5 Rb8 28. Rxb8 Qxb8 29. g3 Qb1+ 30. Kg2 Qe4 31. Rh4 Qxf3+ 32. Kxf3 e5 33. Rb4 Ke7 34. a4 Kf7 35. a5 Rc8 36. Rb3 Kg6 37. a6 Ra8 38. Ra3 Kg5 39. h4+ Kg6 40. a7 h5 41. Ke3 Kf7 42. Ra6 Kg6 43. Kd3 Kf7 44. Kc4 f4 45. gxf4 exf4 46. Kd5 Kg6 47. Ke4 Kf7 48. Kxf4 Kg6 49. f3 Kf7 1-0